20 North-American cities furthest from a bigger, with a map. - Statistics

General Stats
  • This quiz has been taken 168 times
    30 since last reset
  • The average score is 17 of 20
Answers on the Map
Answers color-coded by a green-red scale on the quiz's map according to % correct below.
 
Answer Stats
Km Pop City Nearest bigger % Correct
2491 17.4 M Los Angeles Mexico City
100%
1486 6.70 M Miami Washington
100%
3358 22.6 M New York City Mexico City
100%
872 6.25 M Atlanta Washington
96%
1295 8.10 M Dallas Chicago
96%
943 3.95 M Denver Phoenix
96%
- 25.6 M Mexico City -
96%
1147 9.80 M Chicago New York City
92%
1093 4.62 M Seattle San Francisco
92%
676 1.74 M Calgary Vancouver
88%
952 3.40 M Guatemala City Puebla
88%
664 6.30 M Monterrey Houston
88%
872 2.47 M San José Guatemala City
88%
1331 3.95 M Santo Domingo Miami
88%
2132 249 k Anchorage Vancouver
85%
873 24.7 k Juneau Prince George
81%
1779 19.9 k Nuuk Sept-Îles
81%
899 185 k St John's Halifax
81%
710 1.42 M Merida Guatemala City
65%
700 136 k Willemstad La Romana
42%
No matching quizzes found
Score Distribution
Percent of People with Each Score
Percentile by Number Answered
Your Score History
You have not taken this quiz since the last reset